Fundamentals of C++ understanding programming and problem solving
Includes index; Canada-Vietnam Education Network;
Enregistré dans:
| Auteur principal: | |
|---|---|
| Autres auteurs: | |
| Format: | Livre |
| Langue: | Undetermined |
| Publié: |
Cincinnati, Ohio
South-Western Educational Pub
1998
|
| Sujets: | |
| Accès en ligne: | http://lrc.tdmu.edu.vn/opac/search/detail.asp?aID=2&ID=7600 |
| Tags: |
Ajouter un tag
Pas de tags, Soyez le premier à ajouter un tag!
|
| Thư viện lưu trữ: | Trung tâm Học liệu Trường Đại học Thủ Dầu Một |
|---|
| LEADER | 00800nam a2200229Ia 4500 | ||
|---|---|---|---|
| 001 | TDMU_7600 | ||
| 008 | 210410s9999 xx 000 0 und d | ||
| 082 | |a 005.13 | ||
| 090 | |b L104 | ||
| 100 | |a Lambert, Kenneth A | ||
| 245 | 0 | |a Fundamentals of C++ | |
| 245 | 0 | |b understanding programming and problem solving | |
| 245 | 0 | |c Kenneth A. Lambert, Douglas W. Nance | |
| 260 | |a Cincinnati, Ohio | ||
| 260 | |b South-Western Educational Pub | ||
| 260 | |c 1998 | ||
| 300 | |a xxii, 708, [66] p | ||
| 520 | |a Includes index; Canada-Vietnam Education Network; |c tặng; |d 2010 | ||
| 650 | |a C++ (Computer program language) | ||
| 700 | |a Nance, Douglas W | ||
| 856 | |u http://lrc.tdmu.edu.vn/opac/search/detail.asp?aID=2&ID=7600 | ||
| 980 | |a Trung tâm Học liệu Trường Đại học Thủ Dầu Một | ||